000 00606nam a2200193Ia 4500
005 20260429112133.0
008 260429s9999||||xx |||||||||||||| ||und||
020 _a9789391985813
041 _aEnglish
082 _a294.382
_bRAY
100 _aRay Archana
245 0 _aThousands of manifestations of Gautama the Buddha :
_bfirst time a critical appreciation of the Buddha-Nama-Samgiti from Tibetan-Sanskrit manuscripts /
_cRay Archana
250 _a1st ed.
260 _aDelhi :
_bBuddhist World Press,
_c2026.
300 _aix, 486 p.; hb
650 _a Mantra
650 _aBuddha
942 _cTB
999 _c52542
_d52542